Groupes de musique entre 1960-1999 #2 - Statistiques

Statistiques générales
  • Ce quiz a été pris 74 fois
  • Le résultat moyen est 9 sur 20
Statistiques - réponses
Chansons Groupes % Correct
Hotel California Eagles
92%
Nothing Else Matters Metallica
71%
Where is my Mind ? Pixies
69%
Money For Nothing Dire Straits
66%
Don't Look Back in Anger Oasis
61%
Under The Bridge Red Hot Chilli Peppers
60%
Let's Groove Earth, Wind and Fire
45%
Good Vibrations The Beach Boys
45%
Everybody Wants to Rules the World Tears For Fears
44%
ABC The Jackson 5
44%
You Really Got Me The Kinks
37%
Friday I'm in Love The Cure
35%
Iron Man Black Sabbath
32%
Fortunate Son Creedence Clearwater Revival
29%
Celebration Kool and the Gang
29%
I Want to Know What Love Is Foreigner
27%
Who Are You The Who
27%
Highway Star Deep Purple
26%
White Rabbit Jefferson Airplane
15%
Fuck Tha Police NWA
15%
Aucun quiz correspondant
Distribution des résultats
% des personnes avec chaque résultat
Percentile par nombre de réponses
Votre historique - résultats
Vous n’avez pas pris ce quiz